000 00707nam a2200229 a 4500
001 BRCA_2660
005 20190320203918.0
008 011208s1902----enka---###---#000-0#eng-u
050 4 _aNK4315
_b.W35 1902
100 1 _aWallis, Henry
_97551
245 1 0 _aItalian ceramic art
_bthe maiolica pavement tiles of the fifteenth century, with illustrations
_cby Henry Wallis.
260 _aLondon
_bBernard Quaritch
_c1902
300 _axxvi, 87 p.
_bil.
_c23 cm.
500 _aEjemplar numerado 95 de 250.
500 _aA107
650 1 4 _aMayólica
_97298
650 1 4 _aAzulejos italianos
_97552
650 1 4 _aCerámica
_xHistoria
_91463
650 1 4 _aCerámica
_zItalia
_97553
902 _aGFM
942 _2lcc
_cB
999 _c2400
_d2400